Obras completas / (Record no. 112755)

MARC details
000 -LEADER
campo de control de longitud fija 01273nam a2200205 4500
001 - NÚMERO DE CONTROL
campo de control 112755
003 - IDENTIFICADOR DE NÚMERO DE CONTROL
campo de control ES-MaACL
005 - FECHA Y HORA DE LA ÚLTIMA TRANSACCIÓN
campo de control 20230906185623.0
007 - CAMPO FIJO DE DESCRIPCIÓN FÍSICA--INFORMACIÓN GENERAL
campo de control de longitud fija t|
008 - DATOS DE LONGITUD FIJA--INFORMACIÓN GENERAL
campo de control de longitud fija 061121s1970 ag r ||||1| spa d
100 1# - ENTRADA PRINCIPAL--NOMBRE DE PERSONA
Nombre de persona Nietzsche, Friedrich,
Fechas asociadas al nombre 1844-1900
9 (RLIN) 85718
245 10 - MENCIÓN DEL TÍTULO
Título Obras completas /
Mención de responsabilidad, etc. Friedrich Nietzsche ; traducción del alemán por Pablo Simón ; precedidas del ensayo ` Nietzsche, filósofo dionisíaco` de Ezequiel Martínez Estrada.
260 ## - PUBLICACIÓN, DISTRIBUCIÓN, ETC.
Lugar de publicación, distribución, etc. Buenos Aires :
Nombre del editor, distribuidor, etc. Prestigio,
Fecha de publicación, distribución, etc. 1970.
300 ## - DESCRIPCIÓN FÍSICA
Extensión 5 v. ;
Dimensiones 20 cm.
505 8# - NOTA DE CONTENIDO CON FORMATO
Nota de contenido con formato Contiene: Vol. I Nietzche, filósofo dionesíaco / Ezequiel Martínez Estrada ; El Origen de la tragedia ; Consideraciones inactuales / Friedrich Nietzche -- Vol. II Humano demasiado humano I y II ; Opiniones y sentencias varias ; El caminante su sombra ; Aurora -- Vol. III La gaya ciencia ; Así habló Zaratustra ; Más allá del bien y el mal ; La genealogía de la moral -- Vol. IV EL caso Wagner ; Nietzche contra Wagner ; El ocaso de los ídolos ; El anticristo ; Ecce homo ; Ditirambos a lo Dionisos ; La voluntad de Poder -- Vol. V La inocencia del devenir.
700 1# - ENTRADA AGREGADA--NOMBRE PERSONAL
Nombre de persona Simón, Pablo.
9 (RLIN) 106530
700 1# - ENTRADA AGREGADA--NOMBRE PERSONAL
Nombre de persona Martínez Estrada, Ezequiel.
9 (RLIN) 78074
852 ## - LOCALIZACIÓN
Ubicación ES-MaACL
Número de control de estantería C-41149-53
Sublocalización o colección R.80273
Holdings
Estatus retirado Estado de pérdida Estado de daño No para préstamo Biblioteca de origen Biblioteca actual Ubicación en estantería Fecha de adquisición Fuente de adquisición Total de préstamos Signatura topográfica completa Código de barras Visto por última vez Precio de reemplazo Tipo de ítem Koha
        Biblioteca del Ateneo de Madrid Biblioteca del Ateneo de Madrid Depósito 2 17/01/2008     C-41149-53 1117613 23/02/2023 23/02/2023 Libro impreso